000 00955cam a22003131 4500
001 8845299
003 ARRUPE
005 20150114115213.0
008 770706s1952 enk 001 0 eng
010 _a 52039306
015 _aGB52-3390
035 _a(OCoLC)3097301
040 _aDLC
_cCoDU
_dOCoLC
_dUk
_dDLC
041 1 _aeng
_hger
042 _apremarc
050 0 0 _aQC6
_b.W519 1952a
082 _a530.1
100 1 _aWeizsäcker, Carl Friedrich,
_cFreiherr von,
_d1912-2007.
_913875
240 1 0 _aZum Weltbild der Physik.
_lEnglish
245 1 4 _aThe world view of physics.
_cTranslated by Marjorie Grene.
260 _aLondon,
_bRoutledge and K. Paul
_c[1952]
300 _a219 p.
_c22 cm.
500 _aIncludes index.
500 _aTranslation of 'Zum Weltbild der Physik.'
650 0 _aPhysics
_xPhilosophy.
_913876
650 0 _aCosmology.
_913877
906 _a7
_bcbc
_coclcrpl
_du
_encip
_f19
_gy-gencatlg
942 _2lcc
_cMONOGRAPH
999 _c121642
_d121642